Super Smash Bros. Characters with the Shortest Names - Statistics

General Stats
  • This quiz has been taken 61 times
  • The average score is 9 of 13
Answer Stats
# Character % Correct
3 {R}.{O}.{B}.
88%
3 {Roy}
83%
4 {Link}
78%
3 {Fox}
75%
4 {Ness}
75%
3 {Ken}
70%
3 {Pit}
70%
3 {Ryu}
70%
3 {Ike}
68%
4 {Wolf}
63%
4 {Sora}
58%
4 {Hero}
55%
4 {Pyra}
53%
No matching quizzes found
Score Distribution
Percent of People with Each Score
Percentile by Number Answered
Your Score History
You have not taken this quiz